000 00602nam a2200217 4500
999 _c12647
_d12647
003 MIRAKIL
005 20190131151118.0
008 190131b tu ||||| |||| 00| 0 tur d
020 _a9786051552019
040 _aTR-AnCHP
_cTR-AnCHP
041 _atur
082 _a818.993701
_bS22b 2014
100 _aSaatçi, Suphi
245 1 0 _aBaşımın tacı Kerkük /
_cSuphi Saatçi.
260 _aİstanbul :
_bÖtüken,
_c2014.
300 _a103 s. ;
_c20 sm.
490 0 _aÖtüken yayınları;
_xyayın nu:1086
490 0 _aEdebi eserler;
_x433
650 0 _95098
_aEdebiyat
_xŞiir
942 _2ddc
_cBKS